|
|
|
|
| LEADER |
01215nam a2200301 a 4500 |
| 001 |
GR-MES15847 |
| 008 |
101008s gr 000 0 eng d |
| 020 |
|
|
|a 0471762938
|q (paper/website)
|
| 020 |
|
|
|a 9780471762
|q (paper/website)
|
| 040 |
|
|
|a GrPaTEI
|b gre
|c GR-PaULI
|
| 040 |
|
|
|a GrPaTEI
|b gre
|c GR-PaULI
|
| 082 |
|
0 |
|a 621.3845
|2 22
|
| 100 |
1 |
|
|a Yang, Baijian,
|d 1972-
|
| 245 |
1 |
0 |
|a Professional Microsoft smartphone programming /
|c Baijian Yang ; Pei Zheng ; Lionel M. Ni.
|
| 260 |
|
|
|a Indianapolis :
|b Wrox/Wiley,
|c c2007
|
| 300 |
|
|
|a xxiv, 494 σ. :
|b εικ. ;
|c 24 εκ.
|
| 490 |
0 |
|
|a Wrox professional guides
|
| 500 |
|
|
|a "Programmer to programmer"--Cover.
|
| 500 |
|
|
|a Περιλαμβάνει ευρετήριο.
|
| 650 |
|
0 |
|a Cellular telephones
|x Computer programs
|
| 650 |
|
0 |
|a Microsoft .NET Framework
|
| 650 |
|
0 |
|a Pocket computers
|x Computer programs
|
| 700 |
0 |
|
|a Ni,
|d Lionel M.
|
| 700 |
1 |
|
|a Zheng, Pei,
|d 1972-
|
| 942 |
|
|
|2 ddc
|
| 952 |
|
|
|0 0
|1 0
|2 ddc
|4 0
|6 621_384500000000000_YAN
|7 0
|9 273505
|a MSLG
|b MSLG
|c BSC
|d 2021-01-17
|e 24
|f 0
|g 0.00
|l 0
|o 621.3845 YAN
|p 2420000024382
|r 2021-01-17 00:00:00
|t 1
|w 2021-01-17
|y BK15
|x 20101008 0 1
|x GrPaTEI
|
| 971 |
|
|
|a .b2581896x
|b 15-04-20
|c 13-09-16
|
| 999 |
|
|
|c 158426
|d 158426
|